<?xml version="1.0" encoding="UTF-8"?>
<record
    xmlns:xsi="http://www.w3.org/2001/XMLSchema-instance"
    xsi:schemaLocation="http://www.loc.gov/MARC21/slim http://www.loc.gov/standards/marcxml/schema/MARC21slim.xsd"
    xmlns="http://www.loc.gov/MARC21/slim">

  <leader>00869nam a22002537a 4500</leader>
  <controlfield tag="003">OSt</controlfield>
  <controlfield tag="005">20240530160515.0</controlfield>
  <controlfield tag="008">240530b           ||||| |||| 00| 0 spa d</controlfield>
  <datafield tag="020" ind1=" " ind2=" ">
    <subfield code="a">9789801452645</subfield>
  </datafield>
  <datafield tag="040" ind1=" " ind2=" ">
    <subfield code="c">CO-Mq BPB</subfield>
  </datafield>
  <datafield tag="041" ind1=" " ind2=" ">
    <subfield code="a">spa</subfield>
  </datafield>
  <datafield tag="082" ind1=" " ind2=" ">
    <subfield code="a">AT </subfield>
    <subfield code="b">LOPa</subfield>
  </datafield>
  <datafield tag="100" ind1=" " ind2=" ">
    <subfield code="a">L&#xF3;pez, Mar&#xED;a</subfield>
    <subfield code="e">Edici&#xF3;n y correcci&#xF3;n</subfield>
  </datafield>
  <datafield tag="245" ind1=" " ind2=" ">
    <subfield code="a">Apacuana:</subfield>
    <subfield code="b">2019-2021</subfield>
  </datafield>
  <datafield tag="264" ind1=" " ind2=" ">
    <subfield code="a">Caracas -Venezuela</subfield>
    <subfield code="b">El Perro y la Rana</subfield>
    <subfield code="c">2022</subfield>
  </datafield>
  <datafield tag="300" ind1=" " ind2=" ">
    <subfield code="a">323 p&#xE1;ginas</subfield>
    <subfield code="b">Tapa rustica</subfield>
    <subfield code="c">21 cm</subfield>
  </datafield>
  <datafield tag="521" ind1=" " ind2=" ">
    <subfield code="a">Esta edici&#xF3;n recoge siete obras - tres ganadoras y cuatro menciones honorificas, seleccionadas en el concurso Apacuana premio de Dramaturgia Nacional, entre los a&#xF1;os 2019-2021.</subfield>
  </datafield>
  <datafield tag="650" ind1=" " ind2=" ">
    <subfield code="a">Teatro Venezolano</subfield>
  </datafield>
  <datafield tag="650" ind1=" " ind2=" ">
    <subfield code="a">Dramaturgia</subfield>
  </datafield>
  <datafield tag="650" ind1=" " ind2=" ">
    <subfield code="a">Pol&#xED;ticas culturales </subfield>
  </datafield>
  <datafield tag="700" ind1=" " ind2=" ">
    <subfield code="a">Vel&#xE1;squez, Sonia </subfield>
    <subfield code="e">Diagramaci&#xF3;n</subfield>
  </datafield>
  <datafield tag="700" ind1=" " ind2=" ">
    <subfield code="a">Letelier, Grisy</subfield>
    <subfield code="e">Dise&#xF1;o</subfield>
  </datafield>
  <datafield tag="942" ind1=" " ind2=" ">
    <subfield code="2">ddc</subfield>
    <subfield code="c">BK</subfield>
  </datafield>
  <datafield tag="999" ind1=" " ind2=" ">
    <subfield code="c">15549</subfield>
    <subfield code="d">15549</subfield>
  </datafield>
  <datafield tag="952" ind1=" " ind2=" ">
    <subfield code="0">0</subfield>
    <subfield code="1">0</subfield>
    <subfield code="2">ddc</subfield>
    <subfield code="4">0</subfield>
    <subfield code="7">0</subfield>
    <subfield code="8">LA</subfield>
    <subfield code="a">BPMOS</subfield>
    <subfield code="b">BPMOS</subfield>
    <subfield code="c">FIC</subfield>
    <subfield code="d">2024-05-30</subfield>
    <subfield code="e">Donaci&#xF3;n Feria del libro 2024</subfield>
    <subfield code="i">NT</subfield>
    <subfield code="l">0</subfield>
    <subfield code="o">AT  LOPa</subfield>
    <subfield code="p">MOS503735</subfield>
    <subfield code="r">2024-05-30</subfield>
    <subfield code="t">Ej.1</subfield>
    <subfield code="w">2024-05-30</subfield>
    <subfield code="y">BKLIT</subfield>
    <subfield code="z">Quince dias</subfield>
  </datafield>
</record>
